000 01006nam a2200277 i 4500
003 EG-GICUC
005 20260121101216.0
008 251112s1957 ua ||||fr|||| 00| 0 ara d
040 _a EG-GICUC
_bara
_c EG-GICUC
_d EG-GICUC
_erda
041 0 _aara
082 0 4 _221
_a345.2
_bم ح . ق
092 0 4 _221
099 _aLaw1 07 345.2 م ح . ق 1957
100 0 _aمحمد فؤاد مهنا
_eمؤلف.
245 1 0 _aدروس القانون الإداري.
_nالجزء الأول،
_pالسلطة الإدارية /
_cمحمد فؤاد مهنا.
264 1 _aالأسكندرية :
_bالدار المصرية للطباعة،
_c1957.
300 _a375 ؛ صفحة
_c24 سم
336 _2rda content
_atext
337 _2rda media
_aComputer
338 _2rda carrier
_aOnline Resource
546 _aالنص باللغة العربية
650 1 4 _aالقانون الإداري
856 4 0 _uhttps://fll.law.cu.edu.eg/fulltext/bks/B07-00711.pdf
905 _a30
_eEman
942 _2ddc
_cBK
_e21
_n0
999 _c42979
_d42979